000
00209nam a22000977a 4500
100
_a
LINDSAY PETER .A.
245
_a
INTRODUCTION TO QUANTUM ELECTRONICS
260
_c
1975
300
_a
202P
_b
ILL
942
_c
BK
999
_c
252093
_d
252092